| 000 | 00548nam a2200193Ia 4500 | ||
|---|---|---|---|
| 005 | 20250508160711.0 | ||
| 008 | 008 250505s9999 xx 000 0 eng d | ||
| 020 | _a0-575-00500-9 | ||
| 037 | _aTextual | ||
| 040 |
_aFEDL _beng _cFEDL |
||
| 041 |
_aeng _2eng |
||
| 084 |
_aB, HAR _qFEDL |
||
| 100 |
_aDharmavira _9102457 |
||
| 245 | 0 | _aLala Har Dayal and revolutionary movements of his times | |
| 260 |
_aNew Delhi, India _bIndian Book Company _c1970 |
||
| 300 | _aviii,363p. | ||
| 942 |
_cTEXL _hB, HAR |
||
| 999 |
_c1366117 _d1366117 |
||